Normal view
MARC view
- Raphael, Francis Charles
Entry Personal Name
001 - CONTROL NUMBER
- control field: 41489
003 - CONTROL NUMBER IDENTIFIER
- control field: NUST
005 - DATE AND TIME OF LATEST TRANSACTION
- control field: 20210314132052.0
008 - FIXED-LENGTH DATA ELEMENTS
- fixed length control field: 210314|| aca||aabn | a|a d
040 ## - CATALOGING SOURCE
- Original cataloging agency: NUST
- Transcribing agency: NUST
100 ## - HEADING--PERSONAL NAME
- Personal name: Raphael, Francis Charles
670 ## - SOURCE DATA FOUND
- Source citation: Work cat.: (NUST): Raphael, Francis Charles,, The electric wiring of buildings,, 1930.
